000 00405pab a2200145 454500
008 180718b2017 xxu||||| |||| 00| 0 eng d
100 _aThandi, Shinder S
245 _aPromise of Punjabi diaspora: rhetoric and reality of failed engagement
260 _c2017
300 _ap.58-61.
362 _a21 Jan
650 _aNonresident Indians
773 _aEconomic and Political Weekly
909 _a113554
999 _c113548
_d113548